000 00379cam a2200157ua 4500
041 _ahin
_h
082 _a891.54
_bRAM/KA
100 _aRanratan, Bhatnagar .
245 _aKavi prasad /
_cRamratan bhatnagar.
_hTextual Documents
250 _a3 /
_b.
260 _aAllahabad :
_bKitab Mahal ,
_c1953.
300 _a214 ; .
504 _a
942 _cBK
999 _c8324
_d8324